Southville International School and Colleges
Your cart is empty.
  • Cart
  • Lists
    Public lists Eva Luna New books Lux_list list_1
    Your lists Log in to create your own lists
  • Log in to your account
  • Your cookies
  • Search history
Southville International School and Colleges
  • Advanced search
  • Recent comments
  • Most popular
  • Libraries

Log in to your account

Log in with GOOGLE


If you do not have an external account, but do have a local account, you can still log in:

  1. Home
  2. MARC view: Eclipse/
Normal view MARC view ISBD view

Eclipse/ (Record no. 112495)

[ view plain ]
MARC details
000 -LEADER
fixed length control field 00826nam a2200193 a 4500
005 - DATE AND TIME OF LATEST TRANSACTION
control field 20140414131937.0
008 - FIXED-LENGTH DATA ELEMENTS--GENERAL INFORMATION
fixed length control field 110124s19uu xx 00 eng d
020 ## - INTERNATIONAL STANDARD BOOK NUMBER
International Standard Book Number 9780316032551
050 ## - LIBRARY OF CONGRESS CALL NUMBER
Classification number TR
Item number M46 2007
100 ## - MAIN ENTRY--PERSONAL NAME
Personal name Meyer, Stephenie, 1973-
245 ## - TITLE STATEMENT
Title Eclipse/
Statement of responsibility, etc Stephenie Meyer.
260 ## - PUBLICATION, DISTRIBUTION, ETC. (IMPRINT)
Place of publication, distribution, etc New York :
Name of publisher, distributor, etc Little, Brown and Co.,
Date of publication, distribution, etc 2007.
500 ## - GENERAL NOTE
General note *Strictly for G7 students and above use only.
520 ## - SUMMARY, ETC.
Summary, etc Bella must choose between her friendship with Jacob, a werewolf, and her relationship with Edward, a vampire, but when Seattle is ravaged by a mysterious string of killings, the three of them need to decide whether their personal lives are more important than the well-being of an entire city.
650 ## - SUBJECT ADDED ENTRY--TOPICAL TERM
Topical term or geographic name as entry element Vampires
650 ## - SUBJECT ADDED ENTRY--TOPICAL TERM
Topical term or geographic name as entry element Werewolves
650 ## - SUBJECT ADDED ENTRY--TOPICAL TERM
Topical term or geographic name as entry element Interpersonal relations
Holdings
Withdrawn status Lost status Damaged status Home library Current library Shelving location Date acquired Total Checkouts Full call number Barcode Date last seen Price effective from Koha item type
      Munich Library Munich Library Teachers Reference Section 01/24/2011   TR M46 2007 M3805 04/14/2014 04/14/2014 Books

Eclipse/

APA

Meyer S. 1., . (2007). Eclipse. New York: Little, Brown and Co.

Chicago

Meyer Stephenie 1973, . 2007. Eclipse. New York: Little, Brown and Co.

Harvard

Meyer S. 1., . (2007). Eclipse. New York: Little, Brown and Co.

MLA

Meyer Stephenie 1973, . Eclipse. New York: Little, Brown and Co. 2007.

  • Place hold
  • Print
  • Cite
  • Add to your cart (remove)
  • Save record
    BIBTEX Dublin Core MARCXML MARC (non-Unicode/MARC-8) MARC (Unicode/UTF-8) MARC (Unicode/UTF-8, Standard) MODS (XML) RIS
  • More searches
    Search for this title in:
    Other Libraries (WorldCat) Other Databases (Google Scholar) Online Stores (Bookfinder.com) Open Library (openlibrary.org)

Exporting to Dublin Core...

SOUTHVILLE LIBRARY

Southville International School and Colleges Library

1281 Tropical Ave. Cor. Luxembourg St., BF Homes International, Las Pinas City

Tel. No. 8256374 / 252358 Loc. 117/146

Powered by Koha